000 00332nam a2200133Ia 4500
008 240624s9999 xx 000 0 und d
041 _aeng
082 _a421.01 ALS
100 _aALSTON
245 _aPHILOSOPHY OF LANGUAGE
260 _c2008
_aNew Delhi
_bPrentice-Hall of India
300 _a113 : p. : cm. ; 24
365 _cRS
_b36
999 _c10354
_d10354